000 00606nam a22001457a 4500
020 _a978-1-4088-1398-0
082 _a823
_bDEV/L
100 _aDEVLIN, IVY
245 _aLOW RED MOON
260 _aUNITED KINGDOM
_bBLOOMSBURY
_c2011
300 _a244
520 _aAvery's parents died in front of her. Torn apart by something by something inhuman, and all she can remember from that night is silver. When the new boy, Ben, comes to town and his eyes flash silver, Avery starts to question whether fairytales are fictional, or if werewolves really do exist.
650 _aNOVEL
_zUNITED KINGDOM
942 _cBK
999 _c3032
_d3032